Osnovanija russkoj istorii mifologemy i fakty

Bibliographic Details
Main Author: Nikitin, Andrej Leonidovič (Author)
Format: Book
Language:Russian
PhysicalDescription:766 s. 21 cm
Published: Moskva Agraf 2001
ISBN:5778400411
Subjects:

MARC

LEADER 00000nam a2200000 a 4500
001 vtls001432575
003 SK-MaSNL
005 20260302072650.0
008 240313sm y0 RU r 0 rus
020 |a 5778400411  |c [280,00] 
035 |a SNK000387633 
040 |a SNK  |b slo  |c SNK  |e AACR2 
043 |a e-ur-ru 
044 |a RU 
072 7 |a 94(47)  |x Dejiny krajín východnej Európy  |2 konspekt 
080 |a 94(470+571)  |2 1981 
080 |a (048.8)  |2 1981 
100 1 |a Nikitin, Andrej Leonidovič  |4 aut  |9 299175 
245 1 |a Osnovanija russkoj istorii  |b mifologemy i fakty  |c A.L. Nikitin 
260 |a Moskva  |b Agraf  |c 2001 
300 |a 766 s.  |c 21 cm 
650 0 7 |a Rusko  |2 SNK  |9 162943 
655 7 |a príručky  |2 SNK  |9 74364 
655 7 |a štúdie  |2 SNK  |9 57033 
919 |a 5-7784-0041-1 
999 |c 1157522  |d 1159452 
952 |t P60, <04>, [BOOK], {604}  |a SNK  |b SNK  |y VYP  |7 0  |p 17A0374265  |o snkIC 130646  |i snkV 418/2003  |0 0  |1 0  |4 0  |d 2003-02-24  |l 0  |r 2005-01-02 00:00:00  |w 2026-02-24